Policing and public order (Record no. 70259)

000 -LEADER
fixed length control field 01112pab a2200169 454500
008 - FIXED-LENGTH DATA ELEMENTS--GENERAL INFORMATION
fixed length control field 180718b2006 xxu||||| |||| 00| 0 eng d
100 ## - MAIN ENTRY--PERSONAL NAME
Personal name Travers, Tony
245 ## - TITLE STATEMENT
Title Policing and public order
260 ## - PUBLICATION, DISTRIBUTION, ETC.
Date of publication, distribution, etc. 2006
300 ## - PHYSICAL DESCRIPTION
Extent p.341-56.
362 ## - DATES OF PUBLICATION AND/OR SEQUENTIAL DESIGNATION
Dates of publication and/or sequential designation Jun
520 ## - SUMMARY, ETC.
Summary, etc. This paper traces the origins and charts the development and reform of the Metropolitan Police Service since its inception in 1829. It explores how the growing complexity of London's government, accentuated by the creation of the Greater London Council in 1965, reopened the debate for local government control of the metropolitan police. Not until the creation of the Greater London Authority in 2000, however, were changes in accountability of the Metropolitan Police finally put in place with the creation of the Metropolitan Police Authority as a functional body of the GLA. The paper reviews the working of this relationship over the past five years and considers the MPAs role in securing accountability. - Reproduced.
650 ## - SUBJECT ADDED ENTRY--TOPICAL TERM
Topical term or geographic name entry element Police - Great Britain
650 ## - SUBJECT ADDED ENTRY--TOPICAL TERM
Topical term or geographic name entry element Police
773 ## - HOST ITEM ENTRY
Main entry heading Local Government Studies
909 ## -
-- 70259
Holdings
Withdrawn status Lost status Damaged status Not for loan Permanent Location Current Location Date acquired Serial Enumeration / chronology Barcode Date last seen Price effective from Koha item type
        Indian Institute of Public Administration Indian Institute of Public Administration 2018-07-19 Volume no: 32, Issue no: 3 AR70719 2018-07-19 2018-07-19 Articles

Powered by Koha